Marks and Spencer plc v Fernley (VO) (Record no. 62443)

MARC details
000 -LEADER
fixed length control field 01233cam a2200205 4500
001 - CONTROL NUMBER
control field ABS61843
008 - FIXED-LENGTH DATA ELEMENTS--GENERAL INFORMATION
fixed length control field 000000n1999 000 0 eng u
035 ## - SYSTEM CONTROL NUMBER
System control number (Sirsi) u104041
245 ## - TITLE STATEMENT
Title Marks and Spencer plc v Fernley (VO)
260 ## - PUBLICATION, DISTRIBUTION, ETC.
Date of publication, distribution, etc. 1999
490 ## - SERIES STATEMENT
Series statement Rating Appeals
Volume/sequential designation [1999] RA Part 12 409-419(11)
520 ## - SUMMARY, ETC.
Summary, etc. CA 9 November 1999. Ratepayers occupied a premises in Baker Street. When VO compiled the 1990 rating list he included entries for three hereditaments in the building although it was actually occupied as a single hereditament. M proposed three hereditaments should be assessed as a single one. Rating list was altered with effect from 1 April 1991.. M challenged alteration on grounds that effective date shouls be 1 October 1991. Both VO and M then changed their position on the effective date at the valuation tribunal. VT ordred VO to show effective date of 1 April 1990. LT upheld effective date. M appealed. Appeal dismissed.
590 ## - LOCAL NOTE (RLIN)
Local note ABS
650 ## - SUBJECT ADDED ENTRY--TOPICAL TERM
Topical term or geographic name entry element RATING APPEALS
650 ## - SUBJECT ADDED ENTRY--TOPICAL TERM
Topical term or geographic name entry element NON DOMESTIC RATING (ALTERATION OF LISTS AND APPEALS) REGULATIONS 1993
650 ## - SUBJECT ADDED ENTRY--TOPICAL TERM
Topical term or geographic name entry element RATING LIST
650 ## - SUBJECT ADDED ENTRY--TOPICAL TERM
Topical term or geographic name entry element MARKS AND SPENCER PLC V FERNLEY (VO)
690 ## - LOCAL SUBJECT ADDED ENTRY--TOPICAL TERM (OCLC, RLIN)
Topical term or geographic name as entry element RATING AND LOCAL TAXATION-CASE LAW
942 ## - ADDED ENTRY ELEMENTS (KOHA)
Suppress in OPAC 0
Holdings
Withdrawn status Lost status Source of classification or shelving scheme Damaged status Not for loan Home library Current library Shelving location Date acquired Total Checkouts Full call number Barcode Date last seen Copy number Price effective from Koha item type
    Dewey Decimal Classification     London London Journal article 07/02/2000   ABS61843 104041-1001 06/08/2019 1 06/08/2019 Law report